| Tag |
First Indicator |
Second Indicator |
Subfields |
| LEADER |
00000cam a2200000Mi 4500 |
| 001 |
in00004530407 |
| 005 |
20191205081713.0 |
| 008 |
891117s1989 gw a 000 0 ger d |
| 015 |
|
|
|a 89,H10,2098
|2 dnb
|
| 015 |
|
|
|a 89H102098
|2 dnb
|
| 016 |
7 |
|
|a 891368159
|2 DE-101
|
| 019 |
|
|
|a 159894484
|
| 035 |
|
|
|a (OCoLC)ocm46009679
|
| 035 |
|
|
|a (OCoLC)46009679
|z (OCoLC)159894484
|
| 035 |
|
|
|z (UtOrBLW)62431
|
| 035 |
|
|
|a 89686
|
| 040 |
|
|
|a ZXW
|b ger
|c ZXW
|d OCLCQ
|d GEBAY
|d HEBIS
|d OCLCQ
|d GWDNB
|d GBVCP
|d UtOrBLW
|
| 049 |
|
|
|a TMVM
|
| 084 |
|
|
|a 34
|a 630
|2 sdnb
|
| 100 |
1 |
|
|a Miaskowski, Ursula.
|
| 245 |
1 |
4 |
|a Das Wachstumsverhalten der germinativen Zone des Grosshirns nach pränataler Röntgenbestrahlung und postnataler Opioidrezeptorblockade bei der Ratte /
|c Ursula Miaskowski.
|
| 264 |
|
1 |
|a [Place of publication not identified] :
|b [publisher not identified],
|c 1989.
|
| 300 |
|
|
|a III, 82 S :
|b illustrations, graph. Darst ;
|c 21 cm.
|
| 336 |
|
|
|a text
|2 rdacontent
|b txt
|
| 337 |
|
|
|a unmediated
|2 rdamedia
|
| 338 |
|
|
|a volume
|2 rdacarrier
|b nc
|
| 999 |
|
|
|a MARS
|
| 999 |
f |
f |
|s 387325ca-c582-3a5b-8123-37131f831bb8
|i 43c2830d-bc21-32c6-98e0-cd1d95a7749e
|t 0
|
| 952 |
f |
f |
|p preservation
|a Texas A&M University
|b J.J. Pickle Campus
|c High Density Repository
|d Remote Storage
|t 0
|e German dissertations
|h Other scheme
|i unmediated -- volume
|m 3238902449135
|
| 998 |
f |
f |
|a German dissertations
|t 0
|l Remote Storage
|